| 000 | 01444nam a2200313 i 4500 | ||
|---|---|---|---|
| 003 | DO-SdBNP | ||
| 005 | 20260331145224.0 | ||
| 007 | ta | ||
| 008 | 260226b2025 dr ||||| |||| 00| 0 spa d | ||
| 020 | _a9789945224382 | ||
| 020 | _a9789945224221 | ||
| 040 |
_aDO-SdBNP _bspa _cBNPHU _erda |
||
| 041 | _aspa | ||
| 082 | 4 |
_axxx _bL179m _222 |
|
| 100 | 1 |
_aLagrulé, Bernabé, _dautor _4aut. _989088 |
|
| 245 | 1 | 0 |
_aMétodo Lagrulé : _bun camino científico hacia la salud plena / _cBernabé Lagrulé ; prólogo, Héctor José Rizek Sued. |
| 250 | _aPrimera edición | ||
| 264 | 4 |
_aSanto Domingo : _bAgencia de Soluciones Editoriales, (ADSE), _bGlow Media,LLC, _c©2025. |
|
| 300 |
_a102 páginas ; _c23 cm. |
||
| 336 |
_atexto _btxt _2rdacontent |
||
| 337 |
_asin mediación _bn _2rdamedia |
||
| 338 |
_avolumen _bnc _2rdacarrier |
||
| 500 | _aIncluye datos biográficos del autor en la solapa de la contracubierta | ||
| 520 | _aEs más que un simple libro sobre salud y bienestar; es una guía completa para transformar tu vida desde adentro hacia afuera. Basado en años de investigación, experiencia personal y el compromiso de ayudar a otros, Bernabé Lagrulé comparte su enfoque integral para optimizar la salud, mejorar la calidad de vida y alcanzar el máximo potencial físico y mental. | ||
| 590 | _aInventariado, 2026 /LP | ||
| 700 | 1 |
_aRizek Sued, Héctor José, _eprologuista _4pr. _989089 |
|
| 910 | _aLP | ||
| 942 |
_2ddc _cLBS1 |
||
| 999 |
_c60393 _d60393 |
||